00547nam a2200157 4500003001100000008004100011040003900052041001300091082001600104111008000120245005000200260005400250300002000304650003300324710003200357LK-CoMWRAF231206b2002 |||||||| |||| 00| 0 eng d aLK-CoMWRAFdLK-CoMWRAFeLK-CoMWRAF aengasin a305.42bWOM aEIGHTH NATIONAL CONVENTION ON WOMEN'S STUIDESc(Colombod23-26 March, 2002) aEighth National Convention on Women's Studies a[Colombo]:b Centre for Women's Research, c2002 a 91 p. ; 21 cm. aWomen -Sri Lanka- Congresses aCentre for Women's Research